Minnesota Cities A-Z - Statistics

General Stats
  • This quiz has been taken 84 times
    52 since last reset
  • The average score is 10 of 18
Answer Stats
Population Municipality or CDP % Correct
M 429,954 Minneapolis
100%
S 311,527 Saint Paul
100%
R 121,395 Rochester
95%
B 89,987 Bloomington
90%
D 86,697 Duluth
88%
P 81,026 Plymouth
71%
A 56,374 Apple Valley
62%
E 68,855 Eagan
60%
W 75,102 Woodbury
55%
L 69,490 Lakeville
52%
C 63,599 Coon Rapids
50%
I 35,801 Inver Grove Heights
38%
F 29,590 Fridley
26%
H 22,154 Hastings
26%
G 22,552 Golden Valley
24%
V 12,912 Vadnais Heights
19%
N 23,454 New Brighton
17%
O 28,303 Oakdale
14%
No matching quizzes found
Score Distribution
Percent of People with Each Score
Percentile by Number Answered
Your Score History
You have not taken this quiz since the last reset